America 24/7: (Record no. 9208)
[ view plain ]
| 000 -LEADER | |
|---|---|
| fixed length control field | 00416nam a22001337a 4500 |
| 008 - FIXED-LENGTH DATA ELEMENTS--GENERAL INFORMATION | |
| fixed length control field | 221206b |||||||| |||| 00| 0 eng d |
| 082 ## - DEWEY DECIMAL CLASSIFICATION NUMBER | |
| Classification number | 917.3 SMO |
| 100 ## - MAIN ENTRY--PERSONAL NAME | |
| Personal name | Smolan, Rick. |
| 245 ## - TITLE STATEMENT | |
| Title | America 24/7: |
| Remainder of title | 24 Hours. 7 Days. Extraordinary Images of One American Week. |
| 260 ## - PUBLICATION, DISTRIBUTION, ETC. | |
| Place of publication, distribution, etc. | New York: |
| Name of publisher, distributor, etc. | DK publishing; |
| Date of publication, distribution, etc. | 2004. |
| 300 ## - PHYSICAL DESCRIPTION | |
| Extent | 128 p: |
| Other physical details | colour illus: |
| Dimensions | 29.3 cm |
| 700 ## - ADDED ENTRY--PERSONAL NAME | |
| Personal name | Cohen, David Elliot. |
| Relator term | author |
| 942 ## - Added entry Elements (Koha) | |
| Source of classification or shelving scheme | Dewey Decimal Classification |
No items available.